[Event "Caissa New Year GM 2012"]
[Site "Kecskemet (HUN)"]
[Date "2011.12.27"]
[Round "1.1"]
[White "Varga, Zoltan"]
[Black "Fodor, Tamas Jr"]
[Result "1/2-1/2"]
[WhiteElo "2450"]
[BlackElo "2488"]
[PlyCount "23"]
[EventDate "2011.??.??"]

1. c4 Nf6 2. Nc3 e6 3. e4 d5 4. e5 d4 5. exf6 dxc3 6. fxg7 cxd2+ 7. Qxd2 Qxd2+
8. Bxd2 Bxg7 9. O-O-O Bd7 10. Nf3 Nc6 11. Bd3 O-O-O 12. Rhe1 1/2-1/2

[Event "Caissa New Year GM 2012"]
[Site "Kecskemet (HUN)"]
[Date "2011.12.27"]
[Round "1.2"]
[White "Kislik, Erik Andrew"]
[Black "Ilincic, Zlatko"]
[Result "1/2-1/2"]
[WhiteElo "2371"]
[BlackElo "2447"]
[PlyCount "29"]
[EventDate "2011.??.??"]

1. d4 Nf6 2. c4 e6 3. g3 Bb4+ 4. Bd2 c5 5. Bxb4 cxb4 6. Nf3 O-O 7. Bg2 d6 8. a3
bxa3 9. Rxa3 a5 10. O-O Na6 11. Nc3 Rb8 12. e4 b6 13. e5 Ne8 14. Qe2 Nb4 15.
Rd1 1/2-1/2

[Event "Caissa New Year GM 2012"]
[Site "Kecskemet (HUN)"]
[Date "2011.12.27"]
[Round "1.3"]
[White "Groszpeter, Attila"]
[Black "Holm, Kristian Stuvik"]
[Result "0-1"]
[WhiteElo "2490"]
[BlackElo "2272"]
[PlyCount "76"]
[EventDate "2011.??.??"]

1. e4 c5 2. Nf3 g6 3. d4 cxd4 4. Nxd4 Bg7 5. Nc3 Nc6 6. Be3 Nf6 7. Bc4 O-O 8.
Bb3 a5 9. O-O a4 10. Nxa4 Nxe4 11. Nb5 d5 12. Bb6 Qd7 13. Qe2 Ne5 14. Rad1 e6
15. Bd4 Nc4 16. Bxg7 Kxg7 17. Bxc4 Rxa4 18. Bb3 Ra6 19. c4 Nc5 20. Nc3 Nxb3 21.
axb3 f6 22. cxd5 Rb6 23. Na4 Rd6 24. dxe6 Qxe6 25. Qxe6 Rxe6 26. Rd2 Rfe8 27.
f3 Rc6 28. Kf2 Be6 29. Re1 Bf7 30. Rxe8 Bxe8 31. Ke3 g5 32. Rd8 Bf7 33. Rd7 Rc2
34. Rxb7 Rxg2 35. b4 Rxh2 36. b5 Kg6 37. b6 Rh4 38. Rc7 Rxa4 0-1

[Event "Caissa New Year GM 2012"]
[Site "Kecskemet (HUN)"]
[Date "2011.12.27"]
[Round "1.4"]
[White "Mulyar, Michael A"]
[Black "Borosova, Zuzana"]
[Result "1/2-1/2"]
[WhiteElo "2420"]
[BlackElo "2284"]
[PlyCount "118"]
[EventDate "2011.??.??"]

1. c4 c6 2. d4 d5 3. e3 Nf6 4. Nc3 e6 5. Nf3 Be7 6. Qc2 b6 7. Be2 Bb7 8. O-O
Nbd7 9. b3 O-O 10. Bb2 Bd6 11. Rad1 Rc8 12. e4 dxe4 13. Nxe4 Bb8 14. Nxf6+ Nxf6
15. Ne5 Qe7 16. Bf3 c5 17. Bxb7 Qxb7 18. dxc5 Rxc5 19. Rfe1 a5 20. Bd4 Rcc8 21.
Qe2 Bd6 22. Ng4 Be7 23. Nxf6+ gxf6 24. Qg4+ Kh8 25. Qf4 Rg8 26. Bxf6+ Bxf6 27.
Qxf6+ Rg7 28. Rd8+ Rxd8 29. Qxd8+ Rg8 30. Qd4+ Rg7 31. g3 h6 32. Qe5 Kh7 33. h4
Rg6 34. Qe4 Qxe4 35. Rxe4 Rg8 36. Re5 Rd8 37. Rb5 Rd2 38. a4 Rd6 39. c5 bxc5
40. Rxc5 Rd1+ 41. Kg2 Rb1 42. Rb5 Rb2 43. Kf3 Kg6 44. Ke3 f5 45. f3 h5 46. g4
hxg4 47. fxg4 Rh2 48. gxf5+ exf5 49. Rb6+ Kf7 50. Kf4 Rxh4+ 51. Kxf5 Ke7 52.
Ke5 Kd7 53. Kd5 Kc7 54. Rb5 Rh8 55. Kc4 Ra8 56. Rh5 Kb6 57. Rh6+ Ka7 58. Rc6
Rb8 59. Rc5 Rb4+ 1/2-1/2

[Event "Caissa New Year GM 2012"]
[Site "Kecskemet (HUN)"]
[Date "2011.12.27"]
[Round "1.5"]
[White "Mihok, Oliver"]
[Black "Battey, Alexander"]
[Result "1/2-1/2"]
[WhiteElo "2472"]
[BlackElo "2336"]
[PlyCount "73"]
[EventDate "2011.??.??"]

1. e4 c6 2. d4 d5 3. e5 c5 4. dxc5 e6 5. Qg4 h5 6. Qf4 Bxc5 7. Bd3 Qb6 8. Nc3
Nc6 9. Na4 Qb4+ 10. c3 Qxf4 11. Bxf4 Be7 12. Nf3 Bd7 13. b3 h4 14. Kd2 f5 15.
Rae1 Nh6 16. Bg5 Ng4 17. Bxe7 Kxe7 18. Re2 h3 19. g3 f4 20. gxf4 Raf8 21. f5
exf5 22. Nc5 Bc8 23. Nd4 f4 24. Nxc6+ bxc6 25. f3 Nxe5 26. Rxe5+ Kd6 27. Rg5
Kxc5 28. Rxg7 Rhg8 29. Rhg1 Rxg7 30. Rxg7 Bf5 31. Bxf5 Rxf5 32. Rg4 a5 33. Kd3
Kd6 34. a4 Kc5 35. Rh4 Rg5 36. Rxh3 Re5 37. Rh6 1/2-1/2

[Event "Caissa New Year GM 2012"]
[Site "Kecskemet (HUN)"]
[Date "2011.12.28"]
[Round "2.1"]
[White "Fodor, Tamas Jr"]
[Black "Battey, Alexander"]
[Result "0-1"]
[WhiteElo "2488"]
[BlackElo "2336"]
[PlyCount "80"]
[EventDate "2011.??.??"]

1. d4 d5 2. c4 c6 3. Nf3 Nf6 4. e3 a6 5. Nc3 g6 6. c5 Bg4 7. Qb3 Ra7 8. Ne5 Be6
9. Be2 Nbd7 10. Nd3 Bf5 11. O-O Bg7 12. Bd2 e5 13. Rfd1 e4 14. Ne1 h5 15. Qa3
Ng4 16. Bxg4 hxg4 17. Ne2 Qh4 18. Ng3 Qxh2+ 19. Kf1 a5 20. Bxa5 O-O 21. Qc3 Rc8
22. b4 Be6 23. Ke2 Nf6 24. Rd2 Nh5 25. Nf1 Qh1 26. g3 f5 27. Rb2 g5 28. Nd2 f4
29. Kd1 fxg3 30. fxg3 Nxg3 31. Nb3 Nf5 32. Rc1 g3 33. Re2 Nh4 34. Kc2 Qf1 35.
Rd2 Bh3 36. Kb2 Qf7 37. Rcc2 Nf3 38. Rg2 Bxg2 39. Rxg2 Qh5 40. Rxg3 Qh4 0-1

[Event "Caissa New Year GM 2012"]
[Site "Kecskemet (HUN)"]
[Date "2011.12.28"]
[Round "2.2"]
[White "Borosova, Zuzana"]
[Black "Mihok, Oliver"]
[Result "1/2-1/2"]
[WhiteElo "2284"]
[BlackElo "2472"]
[PlyCount "111"]
[EventDate "2011.??.??"]

1. e4 c5 2. Nf3 Nc6 3. d4 cxd4 4. Nxd4 Qb6 5. Nb3 Nf6 6. Nc3 e6 7. Bd3 a6 8.
O-O d6 9. a4 Qc7 10. a5 Bd7 11. Be3 Nb4 12. Bb6 Qb8 13. f4 Be7 14. Qe2 O-O 15.
e5 Nfd5 16. Nxd5 exd5 17. Bd4 Nxd3 18. Qxd3 Re8 19. Rf2 Qc8 20. Bc3 dxe5 21.
fxe5 Be6 22. Nd4 Bh4 23. Rf4 Bg5 24. Rf2 Bh4 25. Rf4 Bg5 26. Rf2 Be7 27. Raf1
Bc5 28. Kh1 Qc7 29. Qg3 Bxd4 30. Bxd4 Qxa5 31. h4 Qc7 32. h5 f5 33. h6 g6 34.
c3 Rf8 35. Be3 Rf7 36. Bg5 Rc8 37. Qe3 Qc5 38. Qd2 Qb5 39. g4 Rc4 40. gxf5 Rxf5
41. Rxf5 Bxf5 42. Rf2 Rg4 43. Kh2 Qc5 44. Rg2 Re4 45. Re2 Qc4 46. Rxe4 Qxe4 47.
Qe3 Qg4 48. e6 Be4 49. Qf2 Qxe6 50. Qf4 Qb6 51. b4 Bf5 52. Bh4 Qe6 53. Qb8+ Kf7
54. Qxb7+ Ke8 55. Qb8+ Kf7 56. Qb7+ 1/2-1/2

[Event "Caissa New Year GM 2012"]
[Site "Kecskemet (HUN)"]
[Date "2011.12.28"]
[Round "2.3"]
[White "Holm, Kristian Stuvik"]
[Black "Mulyar, Michael A"]
[Result "1/2-1/2"]
[WhiteElo "2272"]
[BlackElo "2420"]
[PlyCount "29"]
[EventDate "2011.??.??"]

1. d4 d5 2. c4 c6 3. Nf3 Nf6 4. Nc3 e6 5. Bg5 dxc4 6. e4 b5 7. e5 h6 8. Bh4 g5
9. Nxg5 hxg5 10. Bxg5 Nbd7 11. exf6 Bb7 12. g3 c5 13. d5 Nxf6 14. Bg2 Be7 15.
O-O 1/2-1/2

[Event "Caissa New Year GM 2012"]
[Site "Kecskemet (HUN)"]
[Date "2011.12.28"]
[Round "2.4"]
[White "Ilincic, Zlatko"]
[Black "Groszpeter, Attila"]
[Result "1/2-1/2"]
[WhiteElo "2447"]
[BlackElo "2490"]
[PlyCount "22"]
[EventDate "2011.??.??"]

1. d4 Nf6 2. c4 g6 3. Nc3 d5 4. cxd5 Nxd5 5. e4 Nxc3 6. bxc3 Bg7 7. Bc4 c5 8.
Ne2 Nc6 9. Be3 O-O 10. O-O Qc7 11. dxc5 Ne5 1/2-1/2

[Event "Caissa New Year GM 2012"]
[Site "Kecskemet (HUN)"]
[Date "2011.12.28"]
[Round "2.5"]
[White "Varga, Zoltan"]
[Black "Kislik, Erik Andrew"]
[Result "1/2-1/2"]
[WhiteElo "2450"]
[BlackElo "2371"]
[PlyCount "30"]
[EventDate "2011.??.??"]

1. e4 c6 2. d4 d5 3. Nc3 dxe4 4. Nxe4 Bf5 5. Ng3 Bg6 6. Nf3 Nd7 7. h4 h6 8. h5
Bh7 9. Bd3 Bxd3 10. Qxd3 e6 11. Bf4 Qa5+ 12. Bd2 Bb4 13. c3 Be7 14. c4 Qc7 15.
O-O-O Ngf6 1/2-1/2

[Event "Caissa New Year GM 2012"]
[Site "Kecskemet (HUN)"]
[Date "2011.12.29"]
[Round "3.1"]
[White "Kislik, Erik Andrew"]
[Black "Fodor, Tamas Jr"]
[Result "0-1"]
[WhiteElo "2371"]
[BlackElo "2488"]
[PlyCount "86"]
[EventDate "2011.??.??"]

1. d4 d5 2. c4 e5 3. dxe5 d4 4. Nf3 Nc6 5. Nbd2 Nge7 6. Nb3 Nf5 7. e4 dxe3 8.
Qxd8+ Kxd8 9. fxe3 Bb4+ 10. Kf2 Nh6 11. h3 Re8 12. e4 Nxe5 13. Bg5+ f6 14. Rd1+
Bd7 15. Bxh6 gxh6 16. Be2 Kc8 17. Nxe5 Rxe5 18. Rd4 b6 19. Bg4 Bxg4 20. hxg4
Bf8 21. Rhd1 Kb7 22. Rd8 Rxd8 23. Rxd8 Bd6 24. Kf3 h5 25. gxh5 Rxh5 26. Nd4 a5
27. Nf5 Be5 28. Rd2 Rh1 29. Ne3 a4 30. Rd1 Rh4 31. g3 Rh2 32. Ng4 Rxb2 33. Nxe5
fxe5 34. Rh1 Rxa2 35. Rxh7 Ra1 36. Kg4 a3 37. Rh2 a2 38. Rf2 Kc6 39. Kf5 Kc5
40. g4 Kxc4 41. Kxe5 b5 42. g5 b4 43. g6 b3 0-1

[Event "Caissa New Year GM 2012"]
[Site "Kecskemet (HUN)"]
[Date "2011.12.29"]
[Round "3.2"]
[White "Groszpeter, Attila"]
[Black "Varga, Zoltan"]
[Result "1/2-1/2"]
[WhiteElo "2490"]
[BlackElo "2450"]
[PlyCount "23"]
[EventDate "2011.??.??"]

1. e4 c5 2. Nf3 g6 3. d4 cxd4 4. Nxd4 Bg7 5. c4 Nc6 6. Be3 Nf6 7. Nc3 Ng4 8.
Qxg4 Nxd4 9. Qd1 e5 10. Bd3 O-O 11. O-O d6 12. Rc1 1/2-1/2

[Event "Caissa New Year GM 2012"]
[Site "Kecskemet (HUN)"]
[Date "2011.12.29"]
[Round "3.3"]
[White "Mulyar, Michael A"]
[Black "Ilincic, Zlatko"]
[Result "0-1"]
[WhiteElo "2420"]
[BlackElo "2447"]
[PlyCount "54"]
[EventDate "2011.??.??"]

1. c4 Nf6 2. Nf3 e6 3. g3 d5 4. d4 Bb4+ 5. Nc3 O-O 6. Bg2 c6 7. Qb3 a5 8. O-O
Nbd7 9. Bf4 b6 10. cxd5 exd5 11. a3 Be7 12. Ne5 Nxe5 13. Bxe5 Be6 14. Bxf6 Bxf6
15. e3 Rb8 16. Rac1 Qd7 17. Rfd1 Rfd8 18. Qc2 Bf5 19. Qe2 b5 20. Qd2 Be7 21. e4
Bg4 22. exd5 b4 23. dxc6 bxc3 24. Qxc3 Qc7 25. Rd2 Bg5 26. f4 Bf6 27. Qc5 Rxb2
0-1

[Event "Caissa New Year GM 2012"]
[Site "Kecskemet (HUN)"]
[Date "2011.12.29"]
[Round "3.4"]
[White "Mihok, Oliver"]
[Black "Holm, Kristian Stuvik"]
[Result "1/2-1/2"]
[WhiteElo "2472"]
[BlackElo "2272"]
[PlyCount "54"]
[EventDate "2011.??.??"]

1. e4 c5 2. Nf3 g6 3. d4 cxd4 4. Nxd4 Bg7 5. Nc3 Nc6 6. Be3 Nf6 7. Bc4 O-O 8.
Bb3 a5 9. O-O a4 10. Nxa4 Nxe4 11. c4 d6 12. Re1 Nf6 13. Nb5 Ra6 14. Qe2 Na5
15. Bc2 Ng4 16. Bd4 Bxd4 17. Nxd4 Ne5 18. b3 Nac6 19. Nb5 Bd7 20. a3 Bg4 21. f3
Rxa4 22. bxa4 Be6 23. Bd3 Qb6+ 24. Kh1 Ra8 25. f4 Nxd3 26. Qxd3 Rxa4 27. Nc3
Qb3 1/2-1/2

[Event "Caissa New Year GM 2012"]
[Site "Kecskemet (HUN)"]
[Date "2011.12.29"]
[Round "3.5"]
[White "Battey, Alexander"]
[Black "Borosova, Zuzana"]
[Result "0-1"]
[WhiteElo "2336"]
[BlackElo "2284"]
[PlyCount "90"]
[EventDate "2011.??.??"]

1. e4 e5 2. Nf3 Nc6 3. Bb5 a6 4. Bxc6 dxc6 5. O-O Be6 6. Nxe5 Qd4 7. Nf3 Qxe4
8. Ng5 Qf5 9. Nxe6 fxe6 10. d3 Nf6 11. Qe2 O-O-O 12. Nc3 Bd6 13. Ne4 Nxe4 14.
Qxe4 Qxe4 15. dxe4 Be5 16. c3 Rd3 17. Be3 Rhd8 18. Rfe1 a5 19. a4 b6 20. Kf1 c5
21. f4 Bf6 22. e5 Bh4 23. g3 Be7 24. Ke2 c4 25. Red1 Rxd1 26. Rxd1 Rxd1 27.
Kxd1 Kb7 28. Ke2 Kc6 29. Kf3 Kd5 30. g4 g6 31. h3 Bd8 32. Bf2 c6 33. Bd4 b5 34.
Ba7 bxa4 35. Be3 Be7 36. Bc1 Bc5 37. g5 Be7 38. Ke3 Bf8 39. Kf3 Bc5 40. h4 Be7
41. h5 Bf8 42. hxg6 hxg6 43. Ke3 Be7 44. Kf3 Bc5 45. Be3 a3 0-1

[Event "Caissa New Year GM 2012"]
[Site "Kecskemet (HUN)"]
[Date "2011.12.30"]
[Round "4.1"]
[White "Fodor, Tamas Jr"]
[Black "Borosova, Zuzana"]
[Result "1/2-1/2"]
[WhiteElo "2488"]
[BlackElo "2284"]
[PlyCount "83"]
[EventDate "2011.??.??"]

1. Nf3 c5 2. c4 Nc6 3. g3 g6 4. Bg2 Bg7 5. O-O e5 6. Nc3 Nge7 7. Ne1 d6 8. Nc2
Be6 9. Ne3 O-O 10. Ned5 Rb8 11. Qa4 a6 12. d3 Kh8 13. a3 b5 14. Qd1 h6 15. Rb1
Qd7 16. Re1 Bf5 17. b3 Nxd5 18. Bxd5 Ne7 19. Bh1 Be6 20. Bd2 f5 21. a4 b4 22.
Nd5 Nxd5 23. cxd5 Bg8 24. Qc1 f4 25. Bg2 g5 26. Qc4 a5 27. Rf1 Bh7 28. Rbe1 Bf5
29. e4 Bh7 30. f3 Bf6 31. Kf2 Rg8 32. Rh1 Rbf8 33. Ke2 h5 34. h4 g4 35. gxf4
exf4 36. Ref1 Be5 37. Kd1 Qg7 38. Qb5 Bc3 39. Bc1 Bb2 40. Bd2 Bc3 41. Bc1 Bb2
42. Bd2 1/2-1/2

[Event "Caissa New Year GM 2012"]
[Site "Kecskemet (HUN)"]
[Date "2011.12.30"]
[Round "4.2"]
[White "Holm, Kristian Stuvik"]
[Black "Battey, Alexander"]
[Result "1/2-1/2"]
[WhiteElo "2272"]
[BlackElo "2336"]
[PlyCount "24"]
[EventDate "2011.??.??"]

1. e4 e5 2. Nf3 Nc6 3. Bc4 Nf6 4. d3 Bc5 5. c3 d6 6. O-O a6 7. Be3 Bxe3 8. fxe3
O-O 9. Bb3 Be6 10. Nbd2 Qd7 11. Qe2 Bxb3 12. axb3 d5 1/2-1/2

[Event "Caissa New Year GM 2012"]
[Site "Kecskemet (HUN)"]
[Date "2011.12.30"]
[Round "4.3"]
[White "Ilincic, Zlatko"]
[Black "Mihok, Oliver"]
[Result "1/2-1/2"]
[WhiteElo "2447"]
[BlackElo "2472"]
[PlyCount "104"]
[EventDate "2011.??.??"]

1. d4 d5 2. c4 c6 3. Nf3 Nf6 4. e3 Bf5 5. Bd3 Bxd3 6. Qxd3 e6 7. O-O Nbd7 8.
Nbd2 Be7 9. b3 O-O 10. Bb2 a5 11. a3 Qb6 12. Rfb1 Rfd8 13. c5 Qa6 14. Qf1 Ne4
15. b4 f5 16. Nb3 Qxf1+ 17. Kxf1 a4 18. Nc1 Nb8 19. Ke2 Na6 20. Ne1 Nc7 21. f3
Nf6 22. Na2 Nd7 23. Nd3 Bf6 24. f4 b5 25. Ne5 Nxe5 26. dxe5 Be7 27. Bd4 g5 28.
h3 Kf7 29. g4 Rg8 30. Rg1 Rg6 31. Kf3 Rag8 32. Rg3 h5 33. Rag1 hxg4+ 34. hxg4
Ne8 35. gxf5 exf5 36. fxg5 Ng7 37. Nc1 Ne6 38. Nd3 Nxg5+ 39. Ke2 Ne6 40. Rxg6
Rxg6 41. Rxg6 Kxg6 42. Nf4+ Kf7 43. Nxe6 Kxe6 44. Kf3 Bg5 45. Kg3 Kf7 46. Kf3
Bh4 47. Bc3 Ke6 48. Kg2 Bg5 49. Kf3 d4 50. Bxd4 Kd5 51. Ba1 Bh6 52. Bb2 Bg5
1/2-1/2

[Event "Caissa New Year GM 2012"]
[Site "Kecskemet (HUN)"]
[Date "2011.12.30"]
[Round "4.5"]
[White "Kislik, Erik Andrew"]
[Black "Groszpeter, Attila"]
[Result "1/2-1/2"]
[WhiteElo "2371"]
[BlackElo "2490"]
[PlyCount "25"]
[EventDate "2011.??.??"]

1. d4 d5 2. c4 dxc4 3. e3 Nf6 4. Bxc4 e6 5. Nf3 c5 6. O-O a6 7. dxc5 Qxd1 8.
Rxd1 Bxc5 9. b3 Nbd7 10. Bb2 b6 11. Nbd2 Bb7 12. Be2 Ke7 13. Nc4 1/2-1/2

[Event "Caissa New Year GM 2012"]
[Site "Kecskemet (HUN)"]
[Date "2011.12.31"]
[Round "5.1"]
[White "Groszpeter, Attila"]
[Black "Fodor, Tamas Jr"]
[Result "1/2-1/2"]
[WhiteElo "2490"]
[BlackElo "2488"]
[PlyCount "75"]
[EventDate "2011.??.??"]

1. e4 e6 2. d4 d5 3. Nc3 Nc6 4. Nf3 Nf6 5. Bg5 Be7 6. Bxf6 Bxf6 7. Bb5 O-O 8.
O-O Nb8 9. Re1 c6 10. Bd3 Nd7 11. e5 Be7 12. Ne2 Qb6 13. Qb1 Re8 14. c3 Nf8 15.
h4 Qd8 16. g3 a5 17. Nf4 b6 18. Kg2 Ra7 19. Rh1 f5 20. exf6 gxf6 21. Bxh7+ Nxh7
22. Qg6+ Kh8 23. Qf7 Rg8 24. Ng6+ Rxg6 25. Qxg6 Qg8 26. h5 Bd7 27. Rae1 Nf8 28.
Qh6+ Qh7 29. Qf4 Rb7 30. Nh4 Kg8 31. Ng6 Nxg6 32. hxg6 Qxg6 33. Rh4 Kf7 34. Rh6
Qg5 35. Rh7+ Ke8 36. Rh8+ Kf7 37. Rh7+ Ke8 38. Rh8+ 1/2-1/2

[Event "Caissa New Year GM 2012"]
[Site "Kecskemet (HUN)"]
[Date "2011.12.31"]
[Round "5.2"]
[White "Mulyar, Michael A"]
[Black "Kislik, Erik Andrew"]
[Result "1/2-1/2"]
[WhiteElo "2420"]
[BlackElo "2371"]
[PlyCount "24"]
[EventDate "2011.??.??"]

1. c4 e6 2. Nf3 d5 3. d4 Nf6 4. Nc3 Be7 5. Bg5 h6 6. Bh4 O-O 7. e3 b6 8. Bd3
Bb7 9. O-O Ne4 10. Bxe7 Qxe7 11. Qc2 Nxc3 12. Qxc3 dxc4 1/2-1/2

[Event "Caissa New Year GM 2012"]
[Site "Kecskemet (HUN)"]
[Date "2011.12.31"]
[Round "5.3"]
[White "Mihok, Oliver"]
[Black "Varga, Zoltan"]
[Result "1/2-1/2"]
[WhiteElo "2472"]
[BlackElo "2450"]
[PlyCount "45"]
[EventDate "2011.??.??"]

1. e4 e5 2. Nf3 Qe7 3. Bc4 c6 4. O-O d6 5. d4 Bg4 6. c3 Nf6 7. Re1 Qc7 8. h3
Bh5 9. Nbd2 Be7 10. Nf1 O-O 11. Ng3 Bg6 12. Bb3 c5 13. d5 c4 14. Bc2 Nbd7 15.
Nh4 Rfe8 16. Nhf5 Bf8 17. h4 h6 18. Qf3 b5 19. h5 Bh7 20. Nf1 a6 21. g4 Bxf5
22. Qxf5 Nh7 23. g5 1/2-1/2

[Event "Caissa New Year GM 2012"]
[Site "Kecskemet (HUN)"]
[Date "2011.12.31"]
[Round "5.4"]
[White "Battey, Alexander"]
[Black "Ilincic, Zlatko"]
[Result "1/2-1/2"]
[WhiteElo "2336"]
[BlackElo "2447"]
[PlyCount "23"]
[EventDate "2011.??.??"]

1. e4 e5 2. Nf3 Nf6 3. Nxe5 d6 4. Nf3 Nxe4 5. Qe2 Qe7 6. Nc3 Nxc3 7. Qxe7+ Bxe7
8. dxc3 O-O 9. Be3 Nc6 10. O-O-O Re8 11. h3 a6 12. Bc4 1/2-1/2

[Event "Caissa New Year GM 2012"]
[Site "Kecskemet (HUN)"]
[Date "2011.12.31"]
[Round "5.5"]
[White "Borosova, Zuzana"]
[Black "Holm, Kristian Stuvik"]
[Result "1/2-1/2"]
[WhiteElo "2284"]
[BlackElo "2272"]
[PlyCount "40"]
[EventDate "2011.??.??"]

1. e4 c5 2. Nf3 g6 3. d4 cxd4 4. Nxd4 Bg7 5. c4 Nc6 6. Be3 Nf6 7. Nc3 O-O 8.
Be2 d6 9. O-O Nxd4 10. Bxd4 Bd7 11. f3 a5 12. a3 a4 13. c5 dxc5 14. Bxc5 Rc8
15. Bb4 Nh5 16. f4 Qb6+ 17. Kh1 Bxc3 18. Bxc3 Bb5 19. Bxb5 Qxb5 20. Qf3 Rc4
1/2-1/2

[Event "Caissa New Year GM 2012"]
[Site "Kecskemet (HUN)"]
[Date "2012.01.01"]
[Round "6.1"]
[White "Fodor, Tamas Jr"]
[Black "Holm, Kristian Stuvik"]
[Result "1/2-1/2"]
[WhiteElo "2488"]
[BlackElo "2272"]
[PlyCount "82"]
[EventDate "2012.??.??"]

1. c4 c5 2. Nf3 Nc6 3. g3 g6 4. Bg2 Bg7 5. O-O d6 6. Nc3 Nf6 7. d4 cxd4 8. Nxd4
Nxd4 9. Qxd4 O-O 10. Bg5 h6 11. Bxf6 Bxf6 12. Qd2 Bg7 13. Rad1 Qc7 14. Nd5 Qd8
15. b3 Bd7 16. Qe3 Re8 17. Rd2 b6 18. Nb4 Rc8 19. Bb7 Rc5 20. Bd5 e6 21. Bg2 d5
22. Rfd1 a5 23. Nd3 d4 24. Qf3 Rc7 25. Nf4 b5 26. Qd3 Qe7 27. e3 bxc4 28. bxc4
dxe3 29. Qxe3 Ba4 30. Rc1 Rec8 31. Bf1 Qc5 32. Qf3 h5 33. Rb1 Bc6 34. Qd1 Bc3
35. Rd8+ Kh7 36. Rb8 Rxb8 37. Rxb8 Bd4 38. Qc2 Kg7 39. Qd2 Bf6 40. Qe3 Bd4 41.
Qd2 Bf6 1/2-1/2

[Event "Caissa New Year GM 2012"]
[Site "Kecskemet (HUN)"]
[Date "2012.01.01"]
[Round "6.2"]
[White "Ilincic, Zlatko"]
[Black "Borosova, Zuzana"]
[Result "1/2-1/2"]
[WhiteElo "2447"]
[BlackElo "2284"]
[PlyCount "36"]
[EventDate "2012.??.??"]

1. d4 d5 2. c4 c6 3. Nf3 Nf6 4. e3 Bf5 5. Bd3 Bxd3 6. Qxd3 e6 7. O-O Nbd7 8.
Nbd2 Be7 9. b3 O-O 10. Bb2 a5 11. a3 Qb6 12. Rfb1 Rfd8 13. c5 Qa6 14. Qf1 Qxf1+
15. Kxf1 Ra6 16. Ke2 b5 17. h3 a4 18. b4 Ra7 1/2-1/2

[Event "Caissa New Year GM 2012"]
[Site "Kecskemet (HUN)"]
[Date "2012.01.01"]
[Round "6.4"]
[White "Kislik, Erik Andrew"]
[Black "Mihok, Oliver"]
[Result "1/2-1/2"]
[WhiteElo "2371"]
[BlackElo "2472"]
[PlyCount "64"]
[EventDate "2012.??.??"]

1. d4 d5 2. c4 c6 3. Nf3 Nf6 4. e3 Bf5 5. Nc3 e6 6. Nh4 Be4 7. f3 Bg6 8. g3 Be7
9. Bd2 Nbd7 10. cxd5 cxd5 11. Nxg6 hxg6 12. Rc1 O-O 13. Bg2 a6 14. O-O b5 15.
Be1 Nb6 16. Rf2 Nc4 17. Qd3 Rc8 18. Rfc2 Bb4 19. Bf1 Qd7 20. Bf2 g5 21. h3 Rc6
22. Ne2 Rfc8 23. Qd1 R8c7 24. b3 Na3 25. Rxc6 Rxc6 26. Kg2 Qc8 27. Rxc6 Qxc6
28. Nc1 Nd7 29. Nd3 Bd6 30. Qc1 Qc2 31. Qxc2 Nxc2 32. Be2 Nb4 1/2-1/2

[Event "Caissa New Year GM 2012"]
[Site "Kecskemet (HUN)"]
[Date "2012.01.01"]
[Round "6.5"]
[White "Groszpeter, Attila"]
[Black "Mulyar, Michael A"]
[Result "1/2-1/2"]
[WhiteElo "2490"]
[BlackElo "2420"]
[PlyCount "91"]
[EventDate "2012.??.??"]

1. e4 e5 2. Nf3 Nc6 3. Bb5 a6 4. Bxc6 dxc6 5. O-O f6 6. d4 exd4 7. Nxd4 c5 8.
Nb3 Qxd1 9. Rxd1 Bg4 10. f3 Be6 11. Bf4 c4 12. Nd4 O-O-O 13. Nc3 Bf7 14. Nf5
Rxd1+ 15. Rxd1 Ne7 16. Bd6 Nxf5 17. Bxf8 Rxf8 18. exf5 Re8 19. Kf2 b5 20. a3 h5
21. Rd4 Re7 22. Ne2 a5 23. c3 c6 24. h4 Kc7 25. Re4 Rd7 26. Rd4 Re7 27. Rd2 Re5
28. Ng3 b4 29. axb4 axb4 30. Re2 bxc3 31. bxc3 Kd6 32. Rxe5 Kxe5 33. Ke3 c5 34.
f4+ Kd6 35. Ke2 Kc6 36. Kf3 Kb5 37. Kf2 Kc6 38. Nf1 Bd5 39. Ng3 Bf7 40. Ke1 Kd5
41. Kd2 Kc6 42. Ke2 Kd6 43. Nf1 Bd5 44. Ne3 Kc6 45. Kf2 Kd6 46. Ke2 1/2-1/2

[Event "Caissa New Year GM 2012"]
[Site "Kecskemet (HUN)"]
[Date "2012.01.02"]
[Round "7.1"]
[White "Mulyar, Michael A"]
[Black "Fodor, Tamas Jr"]
[Result "1/2-1/2"]
[WhiteElo "2420"]
[BlackElo "2488"]
[PlyCount "21"]
[EventDate "2012.??.??"]

1. d4 Nf6 2. Nf3 d5 3. c4 c6 4. Nc3 e6 5. e3 Nbd7 6. Bd3 dxc4 7. Bxc4 b5 8. Bd3
Bd6 9. O-O O-O 10. Qc2 Bb7 11. Rd1 1/2-1/2

[Event "Caissa New Year GM 2012"]
[Site "Kecskemet (HUN)"]
[Date "2012.01.02"]
[Round "7.2"]
[White "Mihok, Oliver"]
[Black "Groszpeter, Attila"]
[Result "1/2-1/2"]
[WhiteElo "2472"]
[BlackElo "2490"]
[PlyCount "34"]
[EventDate "2012.??.??"]

1. e4 e5 2. Nf3 Nc6 3. Bb5 a6 4. Ba4 Nf6 5. O-O Be7 6. Re1 b5 7. Bb3 d6 8. c3
O-O 9. h3 Na5 10. Bc2 c5 11. d4 Nd7 12. Nbd2 cxd4 13. cxd4 Nc6 14. d5 Nb4 15.
Bb1 a5 16. a3 Na6 17. b4 Nb6 1/2-1/2

[Event "Caissa New Year GM 2012"]
[Site "Kecskemet (HUN)"]
[Date "2012.01.02"]
[Round "7.3"]
[White "Battey, Alexander"]
[Black "Kislik, Erik Andrew"]
[Result "1/2-1/2"]
[WhiteElo "2336"]
[BlackElo "2371"]
[PlyCount "37"]
[EventDate "2012.??.??"]

1. c4 e5 2. Nc3 Nc6 3. Nf3 Nf6 4. g3 Nd4 5. Bg2 Nxf3+ 6. Bxf3 Bb4 7. O-O O-O 8.
Nd5 Nxd5 9. Bxd5 c6 10. Bg2 Bc5 11. e3 d6 12. d4 Bb6 13. b3 exd4 14. exd4 Qf6
15. Bb2 Be6 16. Qd2 d5 17. cxd5 Bxd5 18. Bxd5 cxd5 19. Rfe1 1/2-1/2

[Event "Caissa New Year GM 2012"]
[Site "Kecskemet (HUN)"]
[Date "2012.01.02"]
[Round "7.4"]
[White "Borosova, Zuzana"]
[Black "Varga, Zoltan"]
[Result "1/2-1/2"]
[WhiteElo "2284"]
[BlackElo "2450"]
[PlyCount "20"]
[EventDate "2012.??.??"]

1. e4 e5 2. Nf3 Nc6 3. Bc4 Bc5 4. c3 Nf6 5. d3 O-O 6. O-O Re8 7. Ng5 Re7 8. Be3
Bb6 9. Nh3 h6 10. Qf3 d5 1/2-1/2

[Event "Caissa New Year GM 2012"]
[Site "Kecskemet (HUN)"]
[Date "2012.01.03"]
[Round "8.1"]
[White "Fodor, Tamas Jr"]
[Black "Ilincic, Zlatko"]
[Result "1-0"]
[WhiteElo "2488"]
[BlackElo "2447"]
[PlyCount "95"]
[EventDate "2012.??.??"]

1. d4 Nf6 2. c4 e6 3. Nc3 d5 4. cxd5 Nxd5 5. e4 Nxc3 6. bxc3 c5 7. Nf3 cxd4 8.
cxd4 Bb4+ 9. Bd2 Bxd2+ 10. Qxd2 O-O 11. Be2 b6 12. O-O Bb7 13. Qe3 Nd7 14. e5
Rc8 15. Ng5 h6 16. Ne4 Bxe4 17. Qxe4 Rc3 18. Bd3 g6 19. Rad1 Qc7 20. h4 Rd8 21.
h5 Nf8 22. Qf4 g5 23. Qe3 Kg7 24. f4 Qe7 25. Rf3 g4 26. Rg3 f5 27. exf6+ Qxf6
28. Rxg4+ Kh8 29. Qe5 Qxe5 30. fxe5 Rc7 31. Rf4 Rcd7 32. Rdf1 Kg8 33. Rg4+ Rg7
34. Rff4 Rxg4 35. Rxg4+ Kf7 36. Kf2 Rd5 37. Rf4+ Ke7 38. Bg6 Nd7 39. Ke3 Ra5
40. Rf7+ Kd8 41. Rf2 b5 42. g4 Nb6 43. g5 hxg5 44. Kf3 Ra4 45. h6 Rxd4 46. h7
Rh4 47. Kg3 Nd7 48. Rh2 1-0